LEADER 01399nam a2200241 i 4500 001 000000241459 003 CaOOAMICUS 005 20150504000000.0 008 150504s1801 it u000 u ita u 013 $a220364 026 $atac- i-e; r-se rebi (3) 1801 (Q) 040 $aSeMil$bita 245 10$aIndulto pubblicato dall'illustrissimo e reverendissimo monsignore fr. Adeodato Turchi ... per la Quaresima dell'anno 1801. 260 $aParma :$bDalla Stamperia Reale,$c1801. 300 $a16 p. ;$c4°. 500 $aData di stampa presunta, 1801, nel tit. e in calce (11 febbraio 1801). - Stemma del Turchi a p. 3. - Vignetta xilogr. sul front. 700 1 $aTurchi, Adeodato .$0(OLS)http://semarc/name/5422 710 2 $aStamperia reale$b.$0(OLS)http://semarc/name/3029 773 0 $aTurchi, Adeodato $t[Omelie, lettere pastorali, indulti, ecc. di monsignor Fr. Adeodato Turchi ...].$dParma : Dalla Stamperia vescovile di Marco Rossi, e Andrea Ubaldi, 1789.$w()11210 850 $aSeMil 852 $aSeMil$W1$xVenegono$y1$m3F VI 6/14 FA$j191805$B191805$CSeMilBibl$Z2$F202606 $8I 996 $6245$aIndulto pubblicato dall'illustrissimo e reverendissimo monsignore fr. Adeodato Turchi ... per la Quaresima dell'anno 1801$9(OLS)http://semarc/title/343170 996 $6260$aParma :$bDalla Stamperia Reale$9(OLS)http://semarc/publisher/31459 LEADER 00902nam a2200229 i 4500 001 000000197222 003 CaOOAMICUS 005 20260129120118.0 008 110215s1965 it u000 u ita u 013 $a175909 040 $aSeMil$bita 100 1 $aSchuman, Robert,$c.$0(OLS)http://semarc/name/71406 245 10$aPer l'Europa /$cRobert Schuman ; prefazione di Mariano Rumor. 260 $aRoma :$bCinque Lune,$c1965. 300 $a194 p. :$bill. ;$c19 cm. 700 1 $aRumor, Mariano <1915-1990>.$0(OLS)http://semarc/name/22684 850 $aSeMil 852 $aSeMil$W1$xVenegono$y1$m3N III 629$j147781$B147781$CSeMilBibl$Z2$F166393 $81 961 $aOmaggio: Grampa dott. Cesare 996 $6245$aPer l'Europa$9(OLS)http://semarc/title/284759 996 $6260$aRoma :$bCinque Lune$9(OLS)http://semarc/publisher/31289